ការអភិវឌ្ឍន៍សហគមន៍នៅខេត្ត ស្ទឹងត្រែង (Record no. 7805)

000 -LEADER
fixed length control field 00455nam a22001457a 4500
003 - CONTROL NUMBER IDENTIFIER
control field OSt
005 - DATE AND TIME OF LATEST TRANSACTION
control field 20160324143649.0
008 - FIXED-LENGTH DATA ELEMENTS--GENERAL INFORMATION
fixed length control field 160324b xxu||||| |||| 00| 0 eng d
040 ## - CATALOGING SOURCE
Transcribing agency RUA
082 ## - DEWEY DECIMAL CLASSIFICATION NUMBER
Classification number ATM SAN 2004 B473 Or.1
100 ## - MAIN ENTRY--PERSONAL NAME
9 (RLIN) 8189
Personal name SAN NAROM, សន​ ណារុំ
245 ## - TITLE STATEMENT
Title ការអភិវឌ្ឍន៍សហគមន៍នៅខេត្ត ស្ទឹងត្រែង
260 ## - PUBLICATION, DISTRIBUTION, ETC. (IMPRINT)
Place of publication, distribution, etc. Phnom Penh
Name of publisher, distributor, etc. RUA
Date of publication, distribution, etc. 2004
942 ## - ADDED ENTRY ELEMENTS (KOHA)
Source of classification or shelving scheme
Koha item type ATM

No items available.

មជ្ឈមណ្ឌលឯការនៃសាកលវិទ្យាល័យភូមិន្ទកសិកម្មចំការដូង

Powered by Koha